000 00529nam a2200169 a 4500
001 000034179
005 20200930070837.0
008 110926s2004 dr r 000 0 spa d
020 _a9993479128
040 _aDO-SdBNP
_bspa
_cBNPHU
082 _axxxx
_bM878d
100 1 _aMorrison, Heriberto
_96495
245 1 3 _aEl deporte en el estado dominicano :
_bevolución y proyección internacional /
_cHeriberto Morrison.
260 _aSanto Domingo :
_bFundación Brugal,
_c2004.
300 _c24 cm.
590 _aInventariado, 2019/VM
999 _c33670
_d33670